1312 1872 1596 1748 1674 1652 1698 1082 1285 1920 1732 1874 1547 1320 1957 1766 1053 1654 1147 1410 1269 1277 1997 1741 1910 1252 1899 1227 1815 1813 1003 1039 1215 1708 1095 1184 1179 1331 1821 1458 1732 1370 1837 1077 1145 1422 1467 1206 1154 1044 1031 1614 1690 1387 1017 1241 1556 1380 1209 1043 1346 1504 1927 1495 1624 1330 1770 1866 1891 1971 1097 1658 1823 1046 1496 1386 1555 1655 1600 1563 1691 1879 1839 1920 1998 1638 1101 1749 1335 1956 1885 1673 1230 1923 1478 1053 1379 1630 1678 BCNSPRNW ULIB Ver.6.0+V

เปลี่ยนเป็นภาษาไทย

Change to English
 แสดงรายละเอียดบรรณานุกรม
  กลับหน้าหลัก

Brief Record : Get Marc (ISO 2709) : E-mail record : QR code < ปิดหน้าต่าง
LEADER : 00000nam 2200000uu 4500
001    13399110436
003     ULIB
008    110530s2010||||th 000 0 eng d
020    9781416062493
060 04 QV4^bL523p 2010
100 1  Lehne, Richard A.
245 10 Pharmacology for nursing care /^cRichard A. Lehne ; inconsultation with Linda A. Moore, Leanna J. Crosby and Diane B. Hamilton
250    7th ed.
260    St. Louis :^bSaunders Elsevier,^c2010
300    xiv, 1362 p. :^bill. ;^c28 cm. +^e1 computer optical disc
650 2  Drug Therapy^xnurses instruction
650 2  Pharmaceutical Preparation^xnurses instruction
650 2  Pharmacology^xnurses instruction
700 1  Moore, Linda A.
700 1  Crosby, Leanna J.
700 1  Hamilton, Diane B.
945    ^p2668^l0^i030093
995    Kesorn
999 ^a ใช้งานได้ทุกระบบ
รายการนี้ยังไม่มีแท็ก
คุณยังไม่ได้ล็อกอิน คุณสามารถมีกิจกรรมร่วมกับเว็บไซต์ได้ แต่ต้องล็อกอินก่อน ::
  ล็อกอิน

รายการสื่อสารสนเทศ

ลำดับที่ ประเภท เลขเรียก/บาร์โค้ด สถานที่ สถานะ
- ไม่พบข้อมูล -

BibComment


ยังไม่เคยถูกคอมเมนท์

คอมเมนท์ทรัพยากรรายการนี้
  คอมเมนท์: Pharmacology for ..


 Copyright 2026. Bcnsprnw @Library